000 00316nam a22001457a 4500
008 231004b ||||| |||| 00| 0 eng d
020 _a9780521345613
041 _aeng
080 _a521
082 _a521BLA
100 _a19
101 _aASTRO
245 _aQSO ABSORPTION LINES
_cBLADES.CH.J
942 _2udc
_cBK
999 _c60419
_d60419